000 00480 a2200157 4500
001 149615
040 _cEscola São Tomás de Aquino
100 _aMESSERANI, Samir Curi
240 1 0 _aOs incríveis seres fantásticos
_lpor
245 1 0 _aOs incríveis seres fantásticos
300 _a38
362 0 _a1997
440 1 _aFTD
697 _aHistórias de bruxas, centauros, fadas, duendes, deuses, sereias, ogres, vampiros, feiticeiros, mágicos
942 _cBK
999 _c149615
_d149615